| 000 | 005470000a22001810004500 | ||
|---|---|---|---|
| 003 | MACL | ||
| 005 | 20160219121318.0 | ||
| 008 | 160219b xxu||||| |||| 00| 0 eng d | ||
| 040 |
_aMACL _cMACL |
||
| 041 | _aHindi | ||
| 082 | _a370 | ||
| 100 |
_aसहस्त्रबुद्धे प्र. ग _937000 |
||
| 245 |
_aजिवन मूल्य _bभाग 1 |
||
| 260 |
_bसुरूचि साहित्य _c1980 _aनई दिल्ली |
||
| 350 | _a20 | ||
| 650 |
_aEducation _939005 |
||
| 942 |
_cHIN _k370 _2ddc |
||
| 999 |
_c28106 _d28106 |
||